LIBRARY & INFORMATION CENTRE, KCAET, TAVANUR

ONLINE PUBLIC ACCESS CATALOGUE (OPAC)

Bapu Meri Najar men / (Record no. 2888)

MARC details
000 -LEADER
fixed length control field 00457cam a2200193ua 4500
041 ## - LANGUAGE CODE
Language code of text/sound track or separate title eng
082 ## - DEWEY DECIMAL CLASSIFICATION NUMBER
Classification number 891.43
Item number JAW/BA
100 ## - MAIN ENTRY--AUTHOR NAME
Personal name Jawahar Lal, Nehru .
245 ## - TITLE STATEMENT
Title Bapu Meri Najar men /
250 ## - EDITION STATEMENT
Edition statement 1 /
260 ## - PUBLICATION, DISTRIBUTION, ETC. (IMPRINT)
Place of publication :
Name of publisher Rajkamal Prakashan ,
Year of publication 1961.
300 ## - PHYSICAL DESCRIPTION
Number of Pages 105 ; .
942 ## - ADDED ENTRY ELEMENTS (KOHA)
Koha item type Books
Holdings
Withdrawn status Lost status Damaged status Home library Current library Date acquired Full call number Accession Number Koha item type
Withdrawn   Damaged KAUAET KAUAET 07/04/2012 891.43 1951 Books
Withdrawn     KAUAET Kelappaji 07/04/2012 891.43 1869 Books
free website counter